[Event "Quebec op"]
[Site "Montreal CAN"]
[Date "1982.08.01"]
[Round "1"]
[White "Pankhurst, John"]
[Black "Zalys, Ignas"]
[Result "1-0"]
[WhiteElo "1705"]
[BlackElo "1960"]
[PlyCount "126"]
[GameId "2160767912848252"]
[EventDate "1982.08.01"]
[EventType "swiss"]
[EventRounds "8"]
[EventCountry "CAN"]
[SourceTitle "EXT 2002"]
[Source "ChessBase"]
[SourceDate "2001.11.25"]
[SourceVersion "1"]
[SourceVersionDate "2001.11.25"]
[SourceQuality "1"]

1. g3 f5 2. d4 Nf6 3. c4 e6 4. Nc3 d5 5. cxd5 exd5 6. Nf3 c6 7. Bg2 Be7 8. O-O O-O 9. Rb1 Ne4 10. Qc2 a5 11. a3 Na6 12. Ne1 Be6 13. Nd3 Nxc3 14. Qxc3 a4 15. Be3 Bd6 16. Qd2 h6 17. h4 Kh7 18. Bf3 Qc7 19. Bf4 Bxf4 20. Nxf4 Qd6 21. h5 Nb8 22. Kg2 Nd7 23. Nd3 Kg8 24. Rbc1 Bf7 25. Rh1 Rfc8 26. e3 Qe7 27. Rc3 Qg5 28. Qd1 Ra5 29. Qc2 Nf6 30. Rc5 Raa8 31. Nf4 Nd7 32. Rc3 Nb6 33. Be2 Nd7 34. Bd3 Nf6 35. Bxf5 Re8 36. Bg6 Bxg6 37. hxg6 Ne4 38. Rd3 Qe7 39. Rh5 Ng5 40. Qe2 Qe4+ 41. f3 Qe7 42. Rc3 Qf6 43. Qc2 Re7 44. Kf2 Qd6 45. Rh4 Ra5 46. Qf5 Qd7 47. Qxd7 Rxd7 48. Nd3 Rb5 49. Rc2 Re7 50. Nc5 Ra5 51. Ke2 Kf8 52. Rf4+ Ke8 53. Rf5 Ne6 54. Kd2 Nf8 55. Re5 Rxe5 56. dxe5 Nxg6 57. Nxb7 Nxe5 58. Nxa5 Nxf3+ 59. Ke2 Ne5 60. g4 Nxg4 61. Kf3 Ne5+ 62. Kf4 Nd3+ 63. Kf5 c5 1-0

[Event "Quebec op"]
[Site "Montreal CAN"]
[Date "1982.08.01"]
[Round "1"]
[White "Stean, Michael"]
[Black "Angers, Gilles"]
[Result "1/2-1/2"]
[WhiteElo "2576"]
[BlackElo "2078"]
[PlyCount "131"]
[GameId "2160767912848254"]
[EventDate "1982.08.01"]
[EventType "swiss"]
[EventRounds "8"]
[EventCountry "CAN"]
[SourceTitle "EXT 2022"]
[Source "ChessBase"]
[SourceDate "2021.10.06"]
[SourceVersion "1"]
[SourceVersionDate "2021.10.06"]
[SourceQuality "1"]

1. c4 e5 2. Nc3 Nc6 3. g3 g6 4. Bg2 Bg7 5. Rb1 d6 6. b4 Nf6 7. b5 Ne7 8. d3 O-O 9. Nf3 Nd7 10. O-O f5 11. Bb2 Nf6 12. c5 h6 13. Nd2 d5 14. Qb3 Kh7 15. f4 d4 16. fxe5 dxc3 17. exf6 Qd4+ 18. Kh1 Bxf6 19. Nf3 Qxc5 20. Rfc1 Qe3 21. Bxc3 Be6 22. Qb2 Bxc3 23. Rxc3 Nd5 24. Qc1 Qf2 25. Rc2 Ne3 26. Rxc7+ Rf7 27. Rxf7+ Bxf7 28. Qg1 Qxe2 29. Re1 Qxg2+ 30. Qxg2 Nxg2 31. Re7 Kg8 32. Kxg2 Rc8 33. Ne5 Bxa2 34. Nxg6 Rc5 35. Kf3 Rxb5 36. Kf4 Bb1 37. Rd7 a5 38. Ne7+ Kf8 39. Nxf5 a4 40. Rd8+ Kf7 41. Rd4 Ra5 42. Nd6+ Kg6 43. Nxb7 Ra7 44. Nc5 a3 45. Rd6+ Kg7 46. Nb3 a2 47. Na1 Rf7+ 48. Ke3 Rf1 49. Ra6 Rh1 50. h4 Rg1 51. Kf2 Rd1 52. Ke2 Bxd3+ 53. Kxd1 Bxa6 54. g4 Kg6 55. Kc1 Bc8 56. g5 h5 57. Kb2 Be6 58. Nc2 Bg8 59. Nd4 Bd5 60. Ka1 Kf7 61. Ne2 Kg7 62. Kb2 Bg8 63. Nf4 Bf7 64. Nd3 Bg8 65. Ne5 Be6 66. Ka1 1/2-1/2

[Event "Quebec op"]
[Site "Montreal CAN"]
[Date "1982.08.02"]
[Round "2"]
[White "Alain, Benoit"]
[Black "Bolduc, Steve"]
[Result "0-1"]
[WhiteElo "1843"]
[BlackElo "2120"]
[PlyCount "46"]
[GameId "2160767912848255"]
[EventDate "1982.08.01"]
[EventType "swiss"]
[EventRounds "8"]
[EventCountry "CAN"]
[SourceTitle "EXT 2022"]
[Source "ChessBase"]
[SourceDate "2021.10.06"]
[SourceVersion "1"]
[SourceVersionDate "2021.10.06"]
[SourceQuality "1"]

1. d4 d5 2. Nf3 Nf6 3. c4 c6 4. cxd5 cxd5 5. Bf4 Nc6 6. Nc3 e6 7. e3 a6 8. Bd3 b5 9. O-O Bb7 10. Rc1 Be7 11. Nxb5 axb5 12. Bxb5 Qb6 13. Bxc6+ Bxc6 14. Qc2 Bb5 15. Rfd1 O-O 16. Qc7 Bd8 17. Qxb6 Bxb6 18. a3 Ne4 19. Bc7 Bxc7 20. Rxc7 Rac8 21. Rdc1 Rxc7 22. Rxc7 f6 23. Re7 Rc8 0-1

[Event "Quebec op"]
[Site "Montreal CAN"]
[Date "1982.08.02"]
[Round "2"]
[White "Bergeron, Florian"]
[Black "Veltmann, Martin"]
[Result "1-0"]
[WhiteElo "1842"]
[BlackElo "1868"]
[PlyCount "80"]
[GameId "2160767912848256"]
[EventDate "1982.08.01"]
[EventType "swiss"]
[EventRounds "8"]
[EventCountry "CAN"]
[SourceTitle "mv"]

1. e4 g6 2. d4 Bg7 3. Nc3 d6 4. f4 c6 5. Nf3 Qb6 6. Be2 Bg4 7. e5 d5 8. O-O e6 9. h3 Bxf3 10. Rxf3 h5 11. Na4 Qd8 12. b3 b5 13. Nc5 Qc7 14. c4 bxc4 15. bxc4 Ne7 16. Rb1 O-O 17. Rb7 Qd8 18. cxd5 Nxd5 19. Bd2 h4 20. Ra3 Bh6 21. Qc1 a5 22. Kh1 Re8 23. Rab3 Re7 24. f5 Bxd2 25. Qxd2 Rxb7 26. Nxb7 Qf8 27. fxe6 fxe6 28. Rf3 Qg7 29. Nc5 Nd7 30. Nxe6 Qe7 31. Ng5 Rf8 32. Rxf8+ Nxf8 33. Bf3 Qa3 34. Ne4 Kg7 35. Nc5 Qb4 36. Qxb4 axb4 37. Nd3 Ne6 38. Bxd5 cxd5 39. Nxb4 Nxd4 40. Nxd5 Kf7 1-0

[Event "Quebec op"]
[Site "Montreal CAN"]
[Date "1982.08.02"]
[Round "2"]
[White "Morin, Louis"]
[Black "Lake, Perry"]
[Result "0-1"]
[WhiteElo "1825"]
[BlackElo "2240"]
[PlyCount "80"]
[GameId "2160767912848258"]
[EventDate "1982.08.01"]
[EventType "swiss"]
[EventRounds "8"]
[EventCountry "CAN"]
[SourceTitle "hb 2013"]

1. e4 e5 2. Nf3 Nc6 3. Bb5 a6 4. Ba4 Nf6 5. O-O Nxe4 6. Qe2 Nc5 7. Bxc6 dxc6 8. d4 Ne6 9. dxe5 Nd4 10. Nxd4 Qxd4 11. Nc3 Bg4 12. Qe4 Qxe4 13. Nxe4 Bf5 14. Re1 Rd8 15. Bf4 Rd4 16. f3 Bxe4 17. Rxe4 Rxe4 18. fxe4 Ke7 19. Rf1 Ke6 20. Be3 Be7 21. Rd1 Rd8 22. Rxd8 Bxd8 23. Bf4 Be7 24. Kf2 Bc5+ 25. Ke2 Bd4 26. c3 Bxe5 27. Bxe5 Kxe5 28. Ke3 c5 29. Kf3 c4 30. Ke3 h5 31. Kf3 g5 32. g4 hxg4+ 33. Kxg4 Kxe4 34. Kxg5 f5 35. h4 f4 36. h5 f3 37. h6 f2 38. h7 f1=Q 39. h8=Q Qf4+ 40. Kg6 Qf5+ 0-1

[Event "Quebec op"]
[Site "Montreal CAN"]
[Date "1982.08.02"]
[Round "2"]
[White "Robichaud, Louis"]
[Black "Babin, Richard"]
[Result "1-0"]
[WhiteElo "1963"]
[BlackElo "1580"]
[PlyCount "69"]
[GameId "2160767912848259"]
[EventDate "1982.08.01"]
[EventType "swiss"]
[EventRounds "8"]
[EventCountry "CAN"]
[SourceTitle "EXT 2022"]
[Source "ChessBase"]
[SourceDate "2021.10.06"]
[SourceVersion "1"]
[SourceVersionDate "2021.10.06"]
[SourceQuality "1"]

1. e4 c5 2. Nc3 Nc6 3. g3 e6 4. Bg2 Nge7 5. Nf3 g6 6. O-O Bg7 7. d3 O-O 8. Be3 Nd4 9. Ne2 Nxf3+ 10. Bxf3 b6 11. c3 d5 12. Qd2 Bb7 13. Rad1 Qc7 14. Bh6 Rad8 15. Bxg7 Kxg7 16. exd5 Bxd5 17. Bxd5 Nxd5 18. c4 Nb4 19. Qc3+ Kg8 20. a3 Nc6 21. d4 Nxd4 22. Nxd4 Rxd4 23. Rxd4 cxd4 24. Qxd4 Rd8 25. Qe4 e5 26. Rc1 f5 27. Qe2 Qd6 28. b4 e4 29. c5 bxc5 30. bxc5 Qc6 31. Qc4+ Kg7 32. Qc3+ Kh6 33. Qe5 Rd5 34. Qb8 Rxc5 35. Qf8+ 1-0

[Event "Quebec op"]
[Site "Montreal CAN"]
[Date "1982.08.02"]
[Round "2"]
[White "Roos, Celine"]
[Black "Short, Nigel"]
[Result "0-1"]
[WhiteElo "1976"]
[BlackElo "2456"]
[PlyCount "97"]
[GameId "2160767912848260"]
[EventDate "1982.08.01"]
[EventType "swiss"]
[EventRounds "8"]
[EventCountry "CAN"]
[SourceTitle "EXT 2022"]
[Source "ChessBase"]
[SourceDate "2021.10.06"]
[SourceVersion "1"]
[SourceVersionDate "2021.10.06"]
[SourceQuality "1"]

1. c4 e5 2. Nc3 d6 3. g3 Nc6 4. Bg2 h5 5. Nf3 g5 6. h4 g4 7. Ng1 Bg7 8. d3 Nge7 9. Bg5 f6 10. Bd2 Be6 11. Nd5 Qd7 12. Qa4 O-O 13. e3 Ng6 14. Ne2 Qf7 15. b4 f5 16. b5 Nd8 17. Rb1 Qd7 18. Qc2 c6 19. bxc6 bxc6 20. Ndc3 Bf6 21. Qa4 Kg7 22. d4 f4 23. exf4 Bf5 24. dxe5 dxe5 25. Rd1 exf4 26. Bxf4 Qe6 27. Be3 Ne5 28. O-O Qxc4 29. Qxc4 Nxc4 30. Bc5 Re8 31. Nd4 Bg6 32. Na4 Rc8 33. Rc1 Ne5 34. Rfd1 Ne6 35. Nxe6+ Rxe6 36. Rd6 Bf7 37. a3 Rxd6 38. Bxd6 Nc4 39. Bb4 Bd5 40. Nc5 a5 41. Bc3 Re8 42. Bxf6+ Kxf6 43. a4 Nd2 44. Nd3 Nf3+ 45. Kf1 Bc4 46. Rxc4 Nd2+ 47. Kg1 Nxc4 48. Bxc6 Rc8 49. Bb5 0-1

[Event "Quebec op"]
[Site "Montreal CAN"]
[Date "1982.08.02"]
[Round "2"]
[White "Zalys, Ignas"]
[Black "Lamoureux, Yvon"]
[Result "1/2-1/2"]
[WhiteElo "1960"]
[BlackElo "1730"]
[PlyCount "137"]
[GameId "2160767912848261"]
[EventDate "1982.08.01"]
[EventType "swiss"]
[EventRounds "8"]
[EventCountry "CAN"]

1. e4 c5 2. Nf3 d6 3. d4 cxd4 4. Nxd4 Nf6 5. Nc3 a6 6. a4 e6 7. Be2 Be7 8. O-O O-O 9. Be3 Nc6 10. Qd2 Qc7 11. f4 Bd7 12. Nb3 Na5 13. Nxa5 Qxa5 14. Nd5 Qxd2 15. Nxe7+ Kh8 16. Bxd2 Nxe4 17. Bb4 Rfe8 18. Rfd1 Rxe7 19. Bxd6 Nxd6 20. Rxd6 Bc6 21. Bc4 Kg8 22. b3 Kf8 23. Rad1 Rc8 24. a5 Be4 25. R1d2 Rc5 26. R6d4 Bf5 27. b4 Rc8 28. Bb3 Rc3 29. Rd8+ Re8 30. Ba4 Rxd8 31. Rxd8+ Ke7 32. Rd7+ Kf6 33. Rxb7 Bxc2 34. Be8 Bg6 35. Ra7 Rc8 36. Bd7 Rb8 37. Rxa6 Rxb4 38. Rb6 Rxf4 39. a6 Bd3 40. g3 Rf1+ 41. Kg2 Rf5 42. g4 Rd5 43. Bc8 Kg5 44. Kg3 Ra5 45. h4+ Kf6 46. Kf4 Ra4+ 47. Ke3 Bc4 48. Bb7 Ke7 49. Rc6 Bb5 50. Rb6 Ra3+ 51. Kd4 Be2 52. g5 Ra5 53. Rc6 Kd7 54. Rb6 Bf1 55. Rc6 e5+ 56. Kc3 Ra1 57. Kb4 Bxa6 58. Rxa6 Rb1+ 59. Kc5 Rxb7 60. Kd5 Rb5+ 61. Ke4 Rc5 62. Ra7+ Rc7 63. Ra6 Rc6 64. Ra5 f6 65. gxf6 gxf6 66. Kf5 Kd8 67. h5 Rd6 68. h6 Ke7 69. Ra7+ 1/2-1/2

[Event "Quebec op"]
[Site "Montreal CAN"]
[Date "1982.08.03"]
[Round "3"]
[White "Bolduc, Steve"]
[Black "Pelts, Roman"]
[Result "0-1"]
[WhiteElo "2120"]
[BlackElo "2414"]
[PlyCount "114"]
[GameId "2160767912848262"]
[EventDate "1982.08.01"]
[EventType "swiss"]
[EventRounds "8"]
[EventCountry "CAN"]
[SourceTitle "EXT 2022"]
[Source "ChessBase"]
[SourceDate "2021.10.06"]
[SourceVersion "1"]
[SourceVersionDate "2021.10.06"]
[SourceQuality "1"]

1. d4 Nf6 2. c4 g6 3. g3 Bg7 4. Bg2 O-O 5. Nf3 d6 6. O-O Nbd7 7. Nc3 e5 8. e4 c6 9. h3 a5 10. Be3 exd4 11. Nxd4 Re8 12. Qc2 Nc5 13. Nb3 Nfd7 14. Rad1 Qe7 15. Rd2 Bxc3 16. Qxc3 Nxe4 17. Bxe4 Qxe4 18. Rxd6 Qe5 19. Rd3 Qh5 20. Bd4 Qxh3 21. Bh8 Qh6 22. Rfd1 a4 23. Na5 Nc5 24. Rd8 Bg4 25. Rxa8 Rxa8 26. Re1 Qf8 27. b4 axb3 28. axb3 Bf5 29. f3 f6 30. Bxf6 Re8 31. Rxe8 Qxe8 32. Qe5 Qxe5 33. Bxe5 Bc8 34. Kf1 Kf7 35. Ke2 Nd7 36. Bc3 c5 37. b4 cxb4 38. Bxb4 b6 39. Nb3 Ba6 40. Nd2 Ne5 41. Ke3 Nxc4+ 42. Nxc4 Bxc4 43. Kf4 Be2 44. Kg5 Bxf3 45. Kh6 Kg8 46. Bc3 b5 47. Ba1 b4 48. Bb2 Bc6 49. Ba1 Be4 50. Bb2 Bf5 51. Bg7 Bc2 52. Bb2 Kf7 53. Kxh7 Ke6 54. Kh6 Kd5 55. Kg5 Kc4 56. Kf4 Kb3 57. Bc1 Ka2 0-1

[Event "Quebec op"]
[Site "Montreal CAN"]
[Date "1982.08.03"]
[Round "3"]
[White "Delva, Jean"]
[Black "Levtchouk, George"]
[Result "0-1"]
[WhiteElo "2014"]
[BlackElo "2174"]
[PlyCount "58"]
[GameId "2160767912848263"]
[EventDate "1982.08.01"]
[EventType "swiss"]
[EventRounds "8"]
[EventCountry "CAN"]
[SourceTitle "EXT 2022"]
[Source "ChessBase"]
[SourceDate "2021.10.06"]
[SourceVersion "1"]
[SourceVersionDate "2021.10.06"]
[SourceQuality "1"]

1. d4 g6 2. c4 Bg7 3. Nc3 d6 4. e4 Nf6 5. Be2 O-O 6. Bg5 Nbd7 7. Qd2 c6 8. Nf3 e5 9. O-O-O Qc7 10. Kb1 Re8 11. d5 cxd5 12. Nxd5 Nxd5 13. cxd5 Nc5 14. Qc2 Qb8 15. Nd2 Bd7 16. Rc1 a5 17. f3 Rc8 18. Qd1 b5 19. Be3 a4 20. Qg1 Ra7 21. h4 Rac7 22. Qf2 a3 23. b3 Na4 24. bxa4 bxa4+ 25. Bb6 Rc5 26. Nc4 Rb5+ 27. Ka1 Rxc4 28. Ba7 Rxc1+ 29. Rxc1 Rc5 0-1

[Event "Quebec op"]
[Site "Montreal CAN"]
[Date "1982.08.03"]
[Round "3"]
[White "Jette, Stephane"]
[Black "Morin, Louis"]
[Result "0-1"]
[WhiteElo "1653"]
[BlackElo "1825"]
[PlyCount "54"]
[GameId "2160767912848264"]
[EventDate "1982.08.01"]
[EventType "swiss"]
[EventRounds "8"]
[EventCountry "CAN"]
[SourceTitle "hb 2013"]

1. Nf3 Nf6 2. c4 e6 3. g3 d5 4. cxd5 exd5 5. d4 c5 6. Bg2 Nc6 7. O-O Be7 8. b3 O-O 9. dxc5 Ne4 10. Bb2 Bf6 11. Nd4 Nxc5 12. e3 Nxd4 13. Bxd4 Ne4 14. Na3 Qa5 15. Bxe4 Bxd4 16. Qxd4 dxe4 17. Nc4 Qh5 18. Qxe4 Bf5 19. Qxb7 Bh3 20. Rfc1 Rad8 21. f3 Rd5 22. Kf2 Bc8 23. Qc7 Qxh2+ 24. Ke1 Rfd8 25. e4 Rd2 26. Nxd2 Qxd2+ 27. Kf1 Bh3+ 0-1

[Event "Quebec op"]
[Site "Montreal CAN"]
[Date "1982.08.03"]
[Round "3"]
[White "Sarkar, Prosanto"]
[Black "Robichaud, Louis"]
[Result "1-0"]
[WhiteElo "1813"]
[BlackElo "1963"]
[PlyCount "77"]
[GameId "2160767912848266"]
[EventDate "1982.08.01"]
[EventType "swiss"]
[EventRounds "8"]
[EventCountry "CAN"]
[SourceTitle "EXT 2022"]
[Source "ChessBase"]
[SourceDate "2021.10.06"]
[SourceVersion "1"]
[SourceVersionDate "2021.10.06"]
[SourceQuality "1"]

1. e4 e5 2. Nf3 Nc6 3. Bb5 a6 4. Ba4 Nf6 5. O-O Nxe4 6. d4 b5 7. Bb3 d5 8. dxe5 Be6 9. Qe2 Be7 10. Rd1 Nc5 11. c4 bxc4 12. Bxc4 Na5 13. b3 O-O 14. Nc3 c6 15. Be3 Qc8 16. Bxc5 Bxc5 17. Bd3 Be7 18. Rac1 c5 19. Bb1 Rd8 20. Na4 Qc7 21. Qc2 g6 22. Nxc5 Bf5 23. Nd3 Qb6 24. Qc7 Qxc7 25. Rxc7 Rd7 26. Rxd7 Bxd7 27. Nf4 Be6 28. Nd4 Re8 29. Bd3 Bg4 30. f3 Bc8 31. Nxd5 Bc5 32. Nf6+ Kf8 33. Nxe8 Bxd4+ 34. Kf1 Kxe8 35. Be4 Bb6 36. Rc1 Be6 37. Ke2 Kd7 38. Kd3 Ba7 39. b4 1-0

[Event "Quebec op"]
[Site "Montreal CAN"]
[Date "1982.08.03"]
[Round "3"]
[White "Trahan, Daniel"]
[Black "Zalys, Ignas"]
[Result "1-0"]
[WhiteElo "1760"]
[BlackElo "1960"]
[PlyCount "83"]
[GameId "2160767912848267"]
[EventDate "1982.08.01"]
[EventType "swiss"]
[EventRounds "8"]
[EventCountry "CAN"]
[SourceTitle "EXT 2002"]
[Source "ChessBase"]
[SourceDate "2001.11.25"]
[SourceVersion "1"]
[SourceVersionDate "2001.11.25"]
[SourceQuality "1"]

1. e4 e5 2. Nf3 Nc6 3. Bb5 Bc5 4. c3 f5 5. Nxe5 Nxe5 6. d4 c6 7. Ba4 d6 8. dxc5 dxc5 9. Qxd8+ Kxd8 10. Bc2 fxe4 11. Bxe4 Nf6 12. Bc2 Re8 13. O-O Bg4 14. f3 Bh5 15. Rd1+ Kc7 16. Bf4 Kb6 17. Nd2 Bf7 18. Ne4 Nxe4 19. Bxe4 Bg6 20. Bxe5 Rxe5 21. Bxg6 hxg6 22. Re1 Rd5 23. Kf2 Rad8 24. Re2 R8d7 25. Rae1 Kb5 26. Re4 Rd2+ 27. R1e2 Rd1 28. Re7 Kc4 29. R2e4+ Kb5 30. Rxd7 Rxd7 31. Ke2 a5 32. h3 a4 33. h4 b6 34. Re6 a3 35. b3 c4 36. bxc4+ Kc5 37. Rxg6 Re7+ 38. Kd2 Rc7 39. Rg4 b5 40. cxb5 cxb5 41. Rd4 Re7 42. h5 1-0

[Event "Quebec op"]
[Site "Montreal CAN"]
[Date "1982.08.03"]
[Round "3"]
[White "Veltmann, Martin"]
[Black "Therrien, Denis"]
[Result "1-0"]
[WhiteElo "1868"]
[BlackElo "1453"]
[PlyCount "36"]
[GameId "2160767912848268"]
[EventDate "1982.08.01"]
[EventType "swiss"]
[EventRounds "8"]
[EventCountry "CAN"]
[SourceTitle "mv"]

1. e4 g6 2. d4 d6 3. c4 Nf6 4. Nc3 Bg7 5. Nf3 O-O 6. Be2 Nbd7 7. O-O e5 8. d5 Nc5 9. Qc2 a5 10. b3 Nh5 11. a3 Nf4 12. Be3 Nxb3 13. Qxb3 Nxe2+ 14. Nxe2 b6 15. Nc3 f5 16. exf5 gxf5 17. Rfd1 Rf6 18. Ng5 Rh6 1-0

[Event "Quebec op"]
[Site "Montreal CAN"]
[Date "1982.08.04"]
[Round "3"]
[White "Zalys, Ignas"]
[Black "Tessier, Michel"]
[Result "1-0"]
[WhiteElo "1960"]
[BlackElo "1670"]
[PlyCount "83"]
[GameId "2160767912848269"]
[EventDate "1982.08.01"]
[EventType "swiss"]
[EventRounds "8"]
[EventCountry "CAN"]

1. e4 c5 2. c3 e6 3. d4 Nf6 4. e5 Nd5 5. Nf3 cxd4 6. cxd4 Be7 7. Bc4 Nb6 8. Bb3 d5 9. O-O Bd7 10. Nc3 a5 11. a3 a4 12. Bc2 h6 13. Ne1 Kf8 14. f4 Qe8 15. f5 exf5 16. Bxf5 Bxf5 17. Rxf5 Qd7 18. Rf2 Nc6 19. Qf3 Qe6 20. Be3 Bg5 21. Nd3 Bxe3 22. Qxe3 Nc4 23. Nc5 Nxe3 24. Nxe6+ Ke7 25. Nc7 Rad8 26. Re1 Nc4 27. N3xd5+ Rxd5 28. Nxd5+ Ke6 29. Nc7+ Ke7 30. Rc1 N6a5 31. Nd5+ Ke6 32. Nf4+ Ke7 33. Re2 h5 34. d5 g5 35. d6+ Kd7 36. Nd3 Re8 37. Rf1 Nxd6 38. Ref2 Ndc4 39. Rxf7+ Kc8 40. Rf8 Kd8 41. Rxe8+ Kxe8 42. Rf5 1-0

[Event "Quebec op"]
[Site "Montreal CAN"]
[Date "1982.08.04"]
[Round "4"]
[White "Boucher, Jean"]
[Black "Regnier, Alain"]
[Result "0-1"]
[WhiteElo "1776"]
[BlackElo "1943"]
[PlyCount "57"]
[GameId "2160767912848270"]
[EventDate "1982.08.01"]
[EventType "swiss"]
[EventRounds "8"]
[EventCountry "CAN"]
[SourceTitle "EXT 2022"]
[Source "ChessBase"]
[SourceDate "2021.10.06"]
[SourceVersion "1"]
[SourceVersionDate "2021.10.06"]
[SourceQuality "1"]

1. d4 Nf6 2. c4 c5 3. d5 e6 4. Nc3 exd5 5. cxd5 d6 6. Nf3 g6 7. g3 Bg7 8. Bg2 O-O 9. O-O a6 10. a4 Re8 11. Nd2 Nbd7 12. Nc4 Ne5 13. Na3 h5 14. h3 h4 15. f4 Neg4 16. hxg4 Nxg4 17. Qe1 Bd4+ 18. Kh1 Nf2+ 19. Rxf2 hxg3 20. e3 Qh4+ 21. Kg1 Qh2+ 22. Kf1 Bh3 23. Bxh3 Qxh3+ 24. Ke2 Bxe3 25. Bxe3 Rxe3+ 26. Kxe3 Re8+ 27. Ne4 Rxe4+ 28. Kxe4 gxf2 29. f5 0-1

[Event "Quebec op"]
[Site "Montreal CAN"]
[Date "1982.08.04"]
[Round "4"]
[White "Courval, Francois"]
[Black "Veltmann, Martin"]
[Result "1/2-1/2"]
[WhiteElo "1680"]
[BlackElo "1858"]
[PlyCount "56"]
[GameId "2160767912848271"]
[EventDate "1982.08.01"]
[EventType "swiss"]
[EventRounds "8"]
[EventCountry "CAN"]
[SourceTitle "mv"]

1. e4 c5 2. d4 g6 3. c3 Bg7 4. Be3 cxd4 5. Bxd4 Nf6 6. e5 Nh5 7. Ne2 d6 8. exd6 e5 9. Be3 O-O 10. Ng3 Nf4 11. Qd2 Re8 12. Na3 Be6 13. Nb5 Na6 14. Ne4 Qa5 15. c4 Nb4 16. Rc1 Rad8 17. Rc3 Qxa2 18. Na3 Qa1+ 19. Rc1 Qxc1+ 20. Qxc1 Nfd3+ 21. Bxd3 Nxd3+ 22. Ke2 Nxc1+ 23. Rxc1 f5 24. Nc5 Rxd6 25. Nb5 Rc6 26. Nxe6 Rcxe6 27. Nc7 R6e7 28. Nxe8 Rxe8 1/2-1/2

[Event "Quebec op"]
[Site "Montreal CAN"]
[Date "1982.08.04"]
[Round "4"]
[White "Levtchouk, George"]
[Black "Short, Nigel"]
[Result "1-0"]
[WhiteElo "2174"]
[BlackElo "2456"]
[PlyCount "61"]
[GameId "2160767912848274"]
[EventDate "1982.08.01"]
[EventType "swiss"]
[EventRounds "8"]
[EventCountry "CAN"]
[SourceTitle "EXT 2022"]
[Source "ChessBase"]
[SourceDate "2021.10.06"]
[SourceVersion "1"]
[SourceVersionDate "2021.10.06"]
[SourceQuality "1"]

1. d4 e6 2. c4 Bb4+ 3. Nd2 Nf6 4. Ngf3 O-O 5. a3 Bxd2+ 6. Qxd2 d6 7. Qc2 Nbd7 8. e3 e5 9. Be2 Re8 10. O-O Nf8 11. dxe5 dxe5 12. b4 e4 13. Nd2 Bf5 14. Bb2 h5 15. Rad1 h4 16. Nb3 Qe7 17. Nd4 Bd7 18. c5 h3 19. g3 c6 20. Nb3 Nd5 21. Na5 Rab8 22. Nc4 Qg5 23. Nd6 Re7 24. Nxe4 Qf5 25. f3 Qg6 26. Bc1 f5 27. Nd6 Nxe3 28. Bxe3 Rxe3 29. Bc4+ Be6 30. Nxf5 Bxc4 31. Qxc4+ 1-0

[Event "Quebec op"]
[Site "Montreal CAN"]
[Date "1982.08.04"]
[Round "4"]
[White "Morin, Louis"]
[Black "Pommainville, Roland"]
[Result "1-0"]
[WhiteElo "1825"]
[BlackElo "1673"]
[PlyCount "126"]
[GameId "2160767912848275"]
[EventDate "1982.08.01"]
[EventType "swiss"]
[EventRounds "8"]
[EventCountry "CAN"]
[SourceTitle "hb 2013"]

1. e4 Nc6 2. d4 d5 3. Nc3 dxe4 4. d5 Ne5 5. Bf4 Ng6 6. Bg3 f5 7. h4 h5 8. Nh3 Nf6 9. Bc4 a6 10. Qd2 b5 11. Bb3 Bb7 12. O-O-O Qd7 13. Ng5 e5 14. dxe6 Qxd2+ 15. Rxd2 f4 16. Bh2 Bc5 17. e7 e3 18. Rd8+ Kxe7 19. Rxh8 Rxh8 20. f3 c6 21. g3 fxg3 22. Bxg3 Nd5 23. Nce4 Ba7 24. Nd6 Ba8 25. c4 Ndf4 26. Bxf4 Nxf4 27. Nde4 Rd8 28. c5 Nd3+ 29. Kb1 Nxc5 30. Nxc5 Bxc5 31. Ne6 Bd4 32. Nxd8 Kxd8 33. Bf7 c5 34. Bxh5 Bd5 35. b3 Bc3 36. Kc2 b4 37. Rd1 Bd2 38. Rg1 c4 39. Rxg7 c3 40. Kd1 Bc6 41. Rg5 Bb5 42. Rd5+ Ke7 43. f4 Ke6 44. Rd4 a5 45. Bg4+ Ke7 46. Rd5 Ba6 47. Rxa5 Bd3 48. Rc5 Bb1 49. Bf5 Kd6 50. Ra5 Bxf5 51. Rxf5 Ke6 52. Re5+ Kf6 53. Kc2 e2 54. Rxe2 Bxf4 55. Rf2 Ke5 56. Rxf4 Kxf4 57. a4 bxa3 58. Kxc3 Kg4 59. b4 Kxh4 60. b5 a2 61. Kb2 Kg5 62. b6 a1=Q+ 63. Kxa1 Kf6 1-0

[Event "Quebec op"]
[Site "Montreal CAN"]
[Date "1982.08.04"]
[Round "4"]
[White "Pineault, Denis"]
[Black "Bolduc, Steve"]
[Result "0-1"]
[WhiteElo "1900"]
[BlackElo "2120"]
[PlyCount "64"]
[GameId "2160767912848276"]
[EventDate "1982.08.01"]
[EventType "swiss"]
[EventRounds "8"]
[EventCountry "CAN"]
[SourceTitle "EXT 2022"]
[Source "ChessBase"]
[SourceDate "2021.10.06"]
[SourceVersion "1"]
[SourceVersionDate "2021.10.06"]
[SourceQuality "1"]

1. e4 c6 2. d4 d5 3. exd5 cxd5 4. c4 Nf6 5. Nc3 g6 6. Nf3 Bg7 7. h3 O-O 8. Be2 b6 9. O-O dxc4 10. Ne5 Bb7 11. Nxc4 Na6 12. Bf4 Nc7 13. Ne3 Ncd5 14. Nexd5 Nxd5 15. Nxd5 Bxd5 16. b3 Qd7 17. Qd2 Rfd8 18. Rac1 Bc6 19. Rxc6 Qxc6 20. Bf3 Qd7 21. Bxa8 Rxa8 22. Rd1 Qd5 23. Qe2 Bxd4 24. Be3 e5 25. Qa6 Qc5 26. Rc1 Qe7 27. Bh6 Bxf2+ 28. Kxf2 Qh4+ 29. Ke2 Qxh6 30. Rc8+ Rxc8 31. Qxc8+ Kg7 32. Qc7 Qg5 0-1

[Event "Quebec op"]
[Site "Montreal CAN"]
[Date "1982.08.04"]
[Round "4"]
[White "Southam, Todd"]
[Black "Robichaud, Louis"]
[Result "0-1"]
[WhiteElo "1566"]
[BlackElo "1963"]
[PlyCount "64"]
[GameId "2160767912848277"]
[EventDate "1982.08.01"]
[EventType "swiss"]
[EventRounds "8"]
[EventCountry "CAN"]
[SourceTitle "EXT 2022"]
[Source "ChessBase"]
[SourceDate "2021.10.06"]
[SourceVersion "1"]
[SourceVersionDate "2021.10.06"]
[SourceQuality "1"]

1. e4 e5 2. Nf3 Nc6 3. Bb5 a6 4. Ba4 Nf6 5. O-O Nxe4 6. d4 b5 7. Bb3 d5 8. dxe5 Be6 9. Qe2 Be7 10. Rd1 O-O 11. c4 Bc5 12. Be3 Bxe3 13. Qxe3 bxc4 14. Bxc4 Qb8 15. Bb3 Na5 16. Bxd5 Bxd5 17. Rxd5 Qxb2 18. Qd4 Qc1+ 19. Qd1 Qxd1+ 20. Rxd1 Rfd8 21. Nbd2 Nxd2 22. Nxd2 Rd5 23. Nf3 Rad8 24. Rxd5 Rxd5 25. Kf1 Kf8 26. Rc1 c5 27. Ke2 Ke7 28. Ke3 f6 29. Ke4 Ke6 30. exf6 gxf6 31. Rb1 Nc4 32. Rb7 Nd6+ 0-1